Archivmaterialien zu Hans-Joachim Glaesner, 1923-2006

Gespeichert in:  
Bibliographische Detailangaben
1. VerfasserIn: Glaesner, Hans-Joachim 1923-2006 (Verfasst von)
Medienart: Elektronisch Archivmaterial
Sprache:Deutsch
In:Jahr: 2019
Online-Zugang: Archivdatenbank (Kalliope Verbundkatalog)
Verfügbarkeit prüfen: HBZ Gateway

MARC

LEADER 00000npc a22000002 4500
001 LR119245027
003 PipeLineGenerated
005 20260508112529.0
008 190606s2019 xx ||||| 00| ||ger c
100 |a Glaesner, Hans-Joachim  |0 (DE-588)119245027  |0 (DE-627)080047238  |d 1923-2006 
245 |a Archivmaterialien zu Hans-Joachim Glaesner, 1923-2006 
856 |u https://kalliope-verbund.info/gnd/119245027  |3 Archivdatenbank (Kalliope Verbundkatalog) 
ELC |a 1